[Event "FIN-chT 1516"]
[Site "Finland"]
[Date "2015.11.07"]
[Round "5.8"]
[White "Manninen, Anssi"]
[Black "Laine, Panu"]
[Result "1/2-1/2"]
[WhiteElo "2101"]
[BlackElo "2134"]
[PlyCount "49"]
[EventDate "2015.09.12"]
[EventType "team-tourn"]
[EventRounds "11"]
[EventCountry "FIN"]
[SourceTitle "EXT 2017"]
[Source "ChessBase"]
[SourceDate "2016.10.25"]
[SourceVersion "1"]
[SourceVersionDate "2016.10.25"]
[SourceQuality "1"]
[WhiteTeam "Oulu OSS"]
[BlackTeam "Espoo MatSK"]
[WhiteTeamCountry "FIN"]
[BlackTeamCountry "FIN"]

1. d4 d5 2. c4 c6 3. Nf3 Nf6 4. Nc3 e6 5. Bg5 h6 6. Bxf6 Qxf6 7. e3 Nd7 8. Bd3 dxc4 9. Bxc4 Bd6 10. 0-0 Qe7 11. Ne4 0-0 12. Nxd6 Qxd6 13. Qe2 b6 14. Rfd1 Bb7 15. Rac1 Rac8 16. Ba6 Bxa6 17. Qxa6 Rc7 18. Rd2 Rfc8 19. Rdc2 Kh7 20. Qd3+ Kg8 21. h3 c5 22. Qa3 a5 23. Rd2 Qc6 24. dxc5 Nxc5 25. Rd4 1/2-1/2

[Event "Raahe We RaahLi"]
[Site "Raahe"]
[Date "2014.11.02"]
[Round "4"]
[White "Manninen, Anssi"]
[Black "Valasmo, Juhana"]
[Result "1-0"]
[WhiteElo "2096"]
[BlackElo "1837"]
[PlyCount "80"]
[EventDate "2014.11.01"]
[EventType "swiss"]
[EventRounds "5"]
[EventCountry "FIN"]
[SourceTitle "EXT 2022"]
[Source "ChessBase"]
[SourceDate "2021.10.06"]
[SourceVersion "1"]
[SourceVersionDate "2021.10.06"]
[SourceQuality "1"]

1. d4 d5 2. c4 c6 3. Nf3 Nf6 4. Nc3 e6 5. Bg5 Nbd7 6. cxd5 cxd5 7. e3 Be7 8. Bd3 0-0 9. 0-0 h6 10. Bh4 b6 11. Rc1 Bb7 12. Qe2 Rc8 13. Rc2 Ne4 14. Bxe7 Nxc3 15. Rxc3 Qxe7 16. Rfc1 Rxc3 17. Rxc3 Rc8 18. Rxc8+ Bxc8 19. Qc2 Qd8 20. Kf1 Bb7 21. Ke2 Qc8 22. Qxc8+ Bxc8 23. Kd2 f6 24. Bb5 Nb8 25. Kc3 Kf7 26. a4 a5 27. b4 Ba6 28. bxa5 bxa5 29. Nd2 Bxb5 30. axb5 Nd7 31. Nb3 Ke7 32. Nxa5 Kd6 33. Kb4 Kc7 34. Nb3 Kb6 35. Nc5 Nf8 36. Na4+ Kb7 37. Kc5 Kc7 38. b6+ Kb7 39. Kd6 e5 40. dxe5 fxe5 1-0